Grecia eterna / Joaquín Balaguer (Registro nro. 2646)
[ vista simple ]
| 000 -LEADER | |
|---|---|
| fixed length control field | 00459nam a22001931a 4500 |
| 001 - CONTROL NUMBER | |
| control field | 2646 |
| 003 - CONTROL NUMBER IDENTIFIER | |
| control field | OSt |
| 005 - DATE AND TIME OF LATEST TRANSACTION | |
| control field | 20260204211820.0 |
| 008 - FIXED-LENGTH DATA ELEMENTS--GENERAL INFORMATION | |
| fixed length control field | 040317s1999||||dr ||||||b||||||||||spa|| |
| 050 ## - LIBRARY OF CONGRESS CALL NUMBER | |
| Classification number | RD 949.5 B181g |
| 082 ## - DEWEY DECIMAL CLASSIFICATION NUMBER | |
| Classification number | RD 949.5 B181g |
| 100 ## - ASIENTO PRINCIPAL -- NOMBRE PERSONAL | |
| Personal name | Balaguer, Joaquín |
| 245 ## - TÍTULO PROPIAMENTE DICHO: SUBTÍTULO | |
| Title | Grecia eterna / Joaquín Balaguer |
| 250 ## - MENCIÓN DE EDICIÓN | |
| Edition statement | 2 |
| 264 ## - PRODUCTION, PUBLICATION, DISTRIBUTION, MANUFACTURE, AND COPYRIGHT NOTICE | |
| Place of production, publication, distribution, manufacture | Santo Domingo : Corripio |
| 300 ## - PHYSICAL DESCRIPTION | |
| Extensión | 249 p. |
| 650 ## - ASIENTO SECUNDARIO DE MATERIA -- TERMINO TEMÁTICO | |
| Termino Temático Como Elemento de Entrada | 1.Grecia - HistoriaÌ |
| 942 ## - ADDED ENTRY ELEMENTS (KOHA) | |
| Source of classification or shelving scheme | Dewey Decimal Classification |
| Koha item type | Libros |
| Withdrawn status | Lost status | Source of classification or shelving scheme | Damaged status | Not for loan | Current library | Date acquired | Total Checkouts | Full call number | Barcode | Date last seen | Price effective from | Koha item type | Collection code | Home library | Shelving location | Inventory number | Copy number |
|---|---|---|---|---|---|---|---|---|---|---|---|---|---|---|---|---|---|
| Dewey Decimal Classification | Biblioteca UTECO | 09/09/2019 | RD 949.5 B181G | 005537 | 09/09/2019 | 09/09/2019 | Libros | ||||||||||
| Dewey Decimal Classification | Biblioteca UTECO | 09/09/2019 | RD 949.5 B181G | 011015 | 09/09/2019 | 09/09/2019 | Libros | ||||||||||
| Dewey Decimal Classification | Biblioteca UTECO | 07/17/2023 | RD 949.5 B181g | 022680 | 07/17/2023 | 07/17/2023 | Libros | Colección Daniel Raimundo Vargas | En Estantería | 022680 | Ej.3 |
